MARC

LEADER 00000nas a2200000 a 4500
001 ssj0012659
003 WaSeSS
005 20200512172242.0
006 m d
007 cr n
008 020612c19609999gauqr p s o 0 a0eng c
010 |a  2002227024 
016 7 |a 2066893-4  |2 DE-600 
022 |a 2325-7199  |l 0031-8906  |y 0031-8906 
035 |a (WaSeSS)ssj0012659 
040 |a EYM  |b eng  |c EYM  |d OCLCQ  |d UQ1  |d SERSO  |d OCLCQ  |d DLC  |d OCLCF  |d COO  |d DLC  |d OCLCO  |d CUS  |d OCLCO  |d OCLCQ  |d DEBBG  |d OCLCA  |d GILDS  |d OCLCO  |d UAB  |d VT2  |d U3W  |d CUY  |d SFB  |d WaSeSS 
042 |a pcc  |a nsdp 
043 |a n-us--- 
050 1 4 |a E185.5 
082 0 0 |a 909/.0496/005  |2 23 
130 0 |a Phylon (1960) 
222 0 |a Phylon  |b (1960. Online) 
245 1 0 |a Phylon  |h [electronic resource]. 
246 1 3 |a Atlanta University review of race and culture  |f 1960-1987 
246 1 3 |a Clark Atlanta University review of race and culture  |f 1992- 
260 |a Atlanta, Ga. :  |b Atlanta University,  |c 1960- 
260 3 |3 1992- :  |a Atlanta, Ga. :  |b Clark Atlanta University 
310 |a Two numbers a year,  |b 2014- 
321 |a Quarterly,  |b -2002 
362 1 |a Began with vol. 21, no. 1 (1st quarter). 
500 |a Title from title screen (viewed June 12, 2002). 
506 |a License restrictions may limit access. 
515 |a Suspended publication with winter 1987 issue; resumed with spring/summer 1992 for one issue; resumed again with autumn/winter 2001; suspended again with 2002 issue; resumed again with fall 2014. 
515 |a Some issues combined. 
538 |a Mode of access: World Wide Web. 
588 |a Latest issue consulted: Volume 56, number 1 (summer 2019) (JSTOR, viewed August 22, 2019). 
650 0 |a African Americans  |v Periodicals. 
650 0 |a Blacks  |v Periodicals. 
650 7 |a African Americans.  |2 fast  |0 (OCoLC)fst00799558 
650 7 |a Blacks.  |2 fast  |0 (OCoLC)fst00833880 
650 7 |a Race relations.  |2 fast  |0 (OCoLC)fst01086509 
650 7 |a Afro-américain.  |2 rasuqam 
650 7 |a Noir (Race)  |2 rasuqam 
650 7 |a Relations interraciales.  |2 rasuqam 
651 0 |a United States  |x Race relations  |v Periodicals. 
651 7 |a United States.  |2 fast  |0 (OCoLC)fst01204155 
651 7 |a États-Unis.  |2 rasuqam 
655 0 |a Electronic journals. 
710 2 |a Atlanta University. 
710 2 |a Clark Atlanta University. 
776 0 8 |i Print version, -2002:  |t Phylon (1960)  |x 0031-8906  |w (DLC) 87657510  |w (OCoLC)1642817 
780 0 0 |t Phylon quarterly  |x 2325-7202  |w (DLC) 2002227023  |w (OCoLC)49976268 
856 4 0 |z Full text available from Research Library: 04/01/1992 to 04/30/1992  |u https://search.proquest.com/publication/41941